| 000 | 00609nam a22001577a 4500 | ||
|---|---|---|---|
| 003 | OSt | ||
| 005 | 20151002131442.0 | ||
| 008 | 151002b xxu||||| |||| 00| 0 eng d | ||
| 040 | _cRUA | ||
| 082 | _aAVM KHI 1995 B069 Or.1 | ||
| 100 |
_91745 _aKHIEU MONO |
||
| 245 | _aLa vaccination contre la peste porcine dans le district de sa.ang (kandal), (ការវ៉ាក់សំាងការពារជំងឺប៉េស្តជ្រូក នៅស្រុកស្អាង ខេត្តកណ្ដាល) | ||
| 260 |
_aphnom penh _bRUA _c1995 |
||
| 300 |
_a40p. _bill. _c29cm. |
||
| 942 |
_2ddc _cAVM |
||
| 999 |
_c1647 _d1647 |
||